000 00735nam a2200241Ia 4500
003 OSt
005 20230726142400.0
008 210716s1992 xx 000 0 und d
040 _cAIMIT LIBRARY
041 _aeng
082 _a005.43
_21
_bUNAC
100 _aUnadkat, Chirag.
_9128299
245 _aVijay mukhis unix shells :
_bbourne korn c /
_cBy Chirag Unadkat ; JItendra Parmar and Rajesh Pradhan.
250 _a1st ed.
260 _aNew Delhi :
_bBPB Publications ,
_c1992.
300 _a500 p.;
_bPB
_c23 cm.
650 _aBourne shell
_9128300
650 _aKorn shell
_9128301
650 _aC shell
_9128302
700 _aParmar, Jitendra.
_9128303
700 _aPradhan, Rajesh.
_9128304
942 _2ddc
_cBK
_k005.43 UNAC
999 _c182496
_d182496